Most Expensive Football Transfers Summer 2022 - Statistics

General Stats
  • This quiz has been taken 133 times
  • The average score is 20 of 25
Answer Stats
From To Fee Player % Correct
Real Madrid Manchester United €70.65m Casemiro
95%
Benfica Liverpool €75.00m Darwin Núñez
95%
Ajax Manchester United €95.00m Antony
93%
Borussia Dortmund Manchester City €60.00m Erling Haaland
92%
Real Sociedad Newcastle United €70.00m Alexander Isak
89%
Manchester City Arsenal €52.20m Gabriel Jesus
89%
Juventus Bayern Munich €67.00m Matthijs de Ligt
89%
Manchester City Chelsea €56.20m Raheem Sterling
89%
Monaco Real Madrid €80.00m Aurélien Tchouameni
88%
Everton Tottenham Hotspur €58.00m Richarlison
86%
Bayern Munich Barcelona €45.00m Robert Lewandowski
86%
Ajax Manchester United €57.37m Lisandro Martínez
82%
Leicester City Chelsea €80.40m Wesley Fofana
82%
Leeds United Manchester City €49.00m Kalvin Phillips
80%
Leeds United Barcelona €58.00m Raphinha
79%
Sevilla Barcelona €50.00m Jules Koundé
78%
Napoli Chelsea €38.00m Kalidou Koulibaly
75%
Brighton Chelsea €65.30m Marc Cucurella
75%
Lyon West Ham United €42.95m Lucas Paquetá
73%
Sporting Paris Saint-Germain €38.00m Nuno Mendes
66%
Atalanta Tottenham Hotspur €50.00m Cristian Romero
64%
Porto Paris Saint-Germain €41.50m Vitinha
59%
Fiorentina Juventus €40.00m Federico Chiesa
57%
Sporting Wolverhampton Wanderers €45.00m Matheus Nunes
54%
Torino Juventus €41.00m Bremer
51%
No matching quizzes found
Score Distribution
Percent of People with Each Score
Percentile by Number Answered
Your Score History
You have not taken this quiz